000 00337nam a2200133Ia 4500
005 20251222140045.0
008 251222s1900||||xx |||||||||||||| ||spa||
082 _a190/G24
100 _aGarcía Zárate, Óscar Augusto
245 0 _aFilosofía, Globalización y Multiculturalidad
250 _a1ra. ed.
264 _bUNMSM
942 _cLIB
999 _c3414
_d3414